[Event "Paracin Open 2020"]
[Site "Paracin"]
[Date "2020.07.06"]
[Round "4.1"]
[White "Ratkovic, Miloje"]
[Black "Basso, Pier Luigi"]
[Result "0-1"]
[WhiteElo "2456"]
[BlackElo "2596"]
[Annotator "TA"]
[PlyCount "74"]
[EventDate "2020.07.03"]
[EventType "swiss"]
[EventCountry "SRB"]
[SourceTitle "playchess.com"]
[Source "ChessBase"]
[SourceQuality "1"]

{[%evp 13,74,29,33,33,32,30,33,28,35,20,26,23,27,25,20,0,22,0,4,0,0,0,0,0,0,0,0,-23,-27,-32,-36,-29,-31,-67,-42,-44,-51,-62,-55,-85,-72,-169,-177,-267,-276,-260,-232,-278,-283,-341,-319,-354,-359,-349,-345,-390,-379,-364,-369,-375,-374,-339,-326]} 1. d4 d5 2. c4 c6 3. Nc3 Nf6 4. Nf3 e6 5. Bg5 Nbd7 6. e3 Qa5 7. cxd5 Nxd5 8. Rc1 {D52: Queen's Gambit Declined: Cambridge Springs Variation.} Nxc3 9. bxc3 Ba3 10. Rc2 {White is slightly better.} b6 11. Be2 Ba6 12. O-O Bxe2 13. Qxe2 O-O 14. e4 Rfe8 {[#]} 15. Bf4 $146 ({Predecessor:} 15. e5 c5 16. Rd1 cxd4 17. Rxd4 Nf8 18. h4 Rac8 19. h5 h6 20. Bd2 Kh8 21. Rg4 {½-½ (60) Yankelevich,L (2421)-Svetushkin,D (2574) Hofheim 2017}) 15... Qa4 16. Rd1 Rac8 17. e5 c5 18. Ng5 Nf8 19. Rcd2 Red8 20. Qh5 Qe8 21. Ne4 {And now Nd6 would win.} cxd4 22. cxd4 Bc1 23. Nd6 Rxd6 24. exd6 Bxd2 25. Bxd2 Qa4 26. d5 e5 27. Re1 (27. h3 $17 {was necessary.}) 27... Qxa2 28. Bg5 (28. Bh6 {is a better defense.} Qa4 29. Qg5) 28... Qxd5 $19 29. Rd1 Qe6 30. Be7 {[#]} Nd7 $1 31. h3 h6 32. Qf3 {If only White now had time for Qb7....} e4 33. Qe2 Rc4 34. Qa2 {[#]} Rc1 $1 {[%mdl 512]} 35. Qd2 (35. Rxc1 Qxa2) 35... Rxd1+ 36. Qxd1 Qc4 37. Qg4 Qc6 {Accuracy: White = 65%, Black = 100%.} 0-1

[Event "Paracin Open 2020"]
[Site "Paracin"]
[Date "2020.07.06"]
[Round "4.2"]
[White "Martic, Ivan"]
[Black "Mendonca, Leon Luke"]
[Result "0-1"]
[WhiteElo "2386"]
[BlackElo "2470"]
[Annotator "TA"]
[PlyCount "128"]
[EventDate "2020.07.03"]
[EventType "swiss"]
[EventCountry "SRB"]
[SourceTitle "playchess.com"]
[Source "ChessBase"]
[SourceQuality "1"]

{[%evp 20,128,23,23,30,10,20,19,28,27,33,21,26,12,8,-6,0,-5,-7,-7,-12,-7,-10,-22,-22,-3,-12,-16,0,0,0,0,0,-26,0,0,0,0,0,0,0,-54,3,0,0,-21,-26,-25,-22,-31,-22,-44,-21,-22,31,-22,0,0,25,-12,0,-2,-2,-3,-2,-6,0,0,0,-18,0,0,0,-4,-4,-60,0,0,0,-68,0,0,0,-67,-47,-51,-50,-74,-64,-58,-55,-56,-95,-458,-458,-437,-426,-12839,-181,-29988,-395,-347,-349,-779,-773,-12838,-12839,-29989,-29990,-29990,-29991]} 1. Nf3 Nf6 2. g3 d5 3. Bg2 e6 4. O-O Be7 5. c4 O-O 6. b3 b6 7. Bb2 Bb7 8. cxd5 exd5 9. d4 Re8 10. Nc3 Nbd7 11. Rc1 Nf8 {E17: Queen's Indian: 4 g3 Bb7 5 Bg2 Be7.} 12. Qc2 Ne6 13. Rfd1 a6 {[#] The position is equal.} 14. e3 $146 ({Predecessor:} 14. Ne5 Bd6 15. e3 Rc8 16. Qb1 Qe7 17. Nc4 Bb4 18. Ne2 Ng5 19. a3 dxc4 20. Bxb7 {0-1 (53) Zeng,C (2541)-Wang,H (2713) China 2015}) 14... Rc8 15. Qb1 Bd6 16. Qa1 Qe7 17. Ne5 c5 18. Na4 cxd4 {White must now prevent ...Rxc1.} 19. Rxc8 $1 Rxc8 20. exd4 b5 {[#]} 21. Nc5 $1 {[%mdl 512]} Nxc5 (21... Bxc5 22. dxc5) 22. dxc5 Bxc5 23. Nd3 Bb6 24. Re1 Qd6 25. Be5 Qd8 26. Bh3 Ra8 (26... Rc6 {looks sharper.} 27. Qb2 Ba5 28. Re2 h6 29. Bg2 Bc7) 27. Bxf6 Qxf6 ({Reject} 27... gxf6 $6 28. Qd1 $14) 28. Qxf6 gxf6 29. Re7 Rb8 30. Bg2 (30. Nf4 $11) 30... Ba8 ({Black should play} 30... Kf8 $1 $15 31. Re2 Rc8) 31. Nf4 Rd8 32. Bf3 Kf8 33. Re1 Bc7 34. Nd3 Bd6 35. Rc1 Bb7 36. Kf1 Rd7 ({Better is} 36... a5 $11) 37. Ke2 (37. Bg4 $14 Rc7 38. Rxc7 Bxc7 39. Nc5) 37... Ke8 38. Kd2 Kd8 (38... Rd8 {is interesting.} 39. b4 Ke7 40. Bg4 Ra8 41. a3 a5) 39. b4 (39. Nc5 {with more complications.} Bxc5 40. Rxc5 Ke7 41. Bg4 Kd6 42. Rc3) 39... Rc7 40. Rxc7 Kxc7 $11 {[%mdl 4096] Endgame KBB-KBN} 41. a3 a5 42. Bh5 axb4 43. Nxb4 Bc5 44. Ke2 Kd6 45. Bxf7 Bd4 46. Be8 Kc5 47. Kd2 (47. Bd7 $11) 47... Bc8 48. Bf7 Bb7 49. Be8 Bc8 ({Black should try} 49... Kc4 $15 50. Nd3 Bc8) 50. Bf7 Bb7 (50... h6 $11) 51. Be8 $15 Kc4 52. Nd3 Bc8 53. Bc6 Bg4 54. h3 Bf3 {Threatens to win with ...Be4.} 55. a4 $1 b4 56. a5 $2 {[%mdl 8192] White does not recover from this.} (56. Bb5+ $17 {is tougher.} Kb3 57. a5) 56... b3 $1 $19 57. a6 Be4 58. Nb2+ (58. Bb7 $142) 58... Kb4 $2 (58... Bxb2 59. a7 Bc3+ 60. Ke2 b2) 59. Bb7 $2 (59. Nd1 $19) 59... Ka3 $2 (59... Bxb2 {mates} 60. f3 Bc3+ 61. Ke2 {[#]} Bxf3+ $1 {[%mdl 576] Promotion} 62. Kxf3 b2 63. Bxd5 b1=Q 64. Be4 Qd1+ 65. Kf4 Bd2+ 66. Kf5 Qh5+ 67. Kxf6 Bc3+ 68. Ke6 Qe5+ $1 {[%mdl 512]} 69. Kd7 Qxe4 70. a7 Qf5+ 71. Kd6 Be5+ 72. Ke7 Kc5 73. g4 Bd6+ 74. Ke8 Qf8+ 75. Kd7 Qe7+ 76. Kc8 Qc7#) 60. Nd1 b2 61. a7 $2 (61. Nxb2 Kxb2 62. f4) 61... Bxa7 62. Nc3 Bd4 63. Nb5+ {[#]} Kb4 $1 64. Nxd4 b1=Q {Accuracy: White = 66%, Black = 80%.} 0-1

[Event "Paracin Open 2020"]
[Site "Paracin"]
[Date "2020.07.06"]
[Round "4.3"]
[White "Cabarkapa, Novak"]
[Black "Ratkovic, Milovan"]
[Result "1-0"]
[WhiteElo "2459"]
[BlackElo "2435"]
[Annotator "TA"]
[PlyCount "79"]
[EventDate "2020.07.03"]
[EventType "swiss"]
[EventCountry "SRB"]
[SourceTitle "playchess.com"]
[Source "ChessBase"]
[SourceQuality "1"]

{[%evp 9,79,3,-1,-18,4,-5,18,9,27,-19,-12,-7,-18,-48,60,-54,-5,-10,32,33,19,12,25,4,151,156,181,96,111,89,395,391,375,385,387,395,395,394,386,384,378,387,429,419,414,402,444,441,439,437,454,451,439,437,431,406,2052,1993,1997,1889,1843,1839,1680,1618,2759,2357,6436,6996,29983,29984,29983,29983]} 1. e4 c6 2. d4 d5 3. f3 e6 4. Nc3 Bb4 5. Bd2 Ne7 6. Nce2 {B12: Caro-Kann: Advance Variation.} Bxd2+ 7. Qxd2 O-O 8. O-O-O {The position is equal.} b6 {[#]} 9. Nh3 $146 ({Predecessor:} 9. h4 c5 10. h5 c4 11. h6 g6 12. e5 b5 13. Nh3 Nec6 14. Qg5 Nd7 15. Qxd8 Rxd8 {½-½ (30) Lugovskoy,M (2453)-Mchedlishvili,M (2578) New Delhi 2020}) 9... c5 10. exd5 exd5 11. Nhf4 Nbc6 ({Black should play} 11... c4 $15) 12. g4 ({White should try} 12. dxc5 $14 bxc5 13. Nxd5) 12... Be6 13. h4 Rc8 14. h5 Qd6 15. h6 $36 {[%mdl 2048] Threatens to win with hxg7. White fights for an advantage.} g6 16. Kb1 cxd4 (16... Rb8 $11 {remains equal.}) 17. Nxd4 $16 {[%cal Be2d4,Bd4e6,Be6f8][%mdl 32]} Ne5 18. Re1 (18. Ba6 $18) 18... Bd7 19. Qe3 Rce8 $2 {[%mdl 8192] This costs Black the game.} (19... f6 $16 {is tougher.}) 20. Qxe5 $18 {[%csl Gh6][%cal Re5g7]} Nf5 {[#]} 21. Nde6 $1 Qxe5 22. Rxe5 Ng3 23. Nxf8 Rxe5 {[%cal Re5e1]} 24. Nd3 Re3 25. Rg1 (25. Nxd7 Nxh1 26. a3 Nf2 $18) 25... Bb5 26. Rxg3 Bxd3 27. cxd3 Re1+ 28. Kc2 Kxf8 {[%mdl 4096] Endgame KRB-KR} 29. Bh3 g5 30. f4 gxf4 31. Rf3 Re2+ 32. Kb3 Re3 (32... Rh2 $142 33. d4 (33. Rxf4 Rxh3 {[%mdl 64] Double Attack} 34. Rd4 Rxh6 $11) 33... Ke7) 33. Rxe3 fxe3 {KB-KP} 34. Bf1 Ke7 35. Kc3 Kf6 36. Kd4 {[%mdl 64] [#] Double Attack} Kg5 37. Be2 Kf4 38. Kxd5 Kg3 39. Ke4 Kf2 40. Bf3 {Accuracy: White = 79%, Black = 44%.} 1-0

[Event "Paracin Open 2020"]
[Site "Paracin"]
[Date "2020.07.06"]
[Round "4.4"]
[White "Ernst, Sipke"]
[Black "Van Dael, Siem"]
[Result "1-0"]
[WhiteElo "2540"]
[BlackElo "2293"]
[Annotator "RC"]
[PlyCount "105"]
[EventDate "2020.07.03"]
[EventType "swiss"]
[EventCountry "SRB"]
[SourceTitle "playchess.com"]
[Source "ChessBase"]
[SourceQuality "1"]
[TimeControl "5400+30"]

1. d4 {[%emt 0:00:24]} Nf6 {[%emt 0:00:33]} 2. g3 {[%emt 0:00:09]} g6 {[%emt 0:00:12]} 3. Bg2 {[%emt 0:00:06]} Bg7 {[%emt 0:00:50]} 4. e4 {[%emt 0:00:07]} d6 {[%emt 0:00:05]} 5. Nc3 {[%emt 0:00:26]} O-O {[%emt 0:00:30]} 6. Nge2 {[%emt 0:00:29]} e5 {[%emt 0:05:36]} 7. h3 {[%emt 0:00:31]} Nc6 {[%emt 0:01:35]} 8. Be3 {[%emt 0:00:24]} exd4 {[%emt 0:02:15]} 9. Nxd4 {[%emt 0:00:06]} Bd7 {[%emt 0:00:15]} 10. Nde2 {[%emt 0:07:32]} Re8 {[%emt 0:03:15]} 11. O-O {[%emt 0:05:27]} Qc8 {[%emt 0:00:51]} 12. g4 {[%emt 0:05:01]} h5 {[%emt 0:03:02]} 13. g5 {[%emt 0:01:58]} Nh7 {[%emt 0:01:19]} 14. Kh2 {[%emt 0:00:15]} Ne5 {[%emt 0:04:32]} 15. f4 {[%emt 0:03:59]} Nc4 {[%emt 0:01:00]} 16. Bc1 {[%emt 0:00:16]} b5 {[%emt 0:04:33]} 17. a3 {[%emt 0:01:38]} Rb8 {[%emt 0:02:40]} 18. b3 {[%emt 0:03:38]} Nb6 {[%emt 0:10:08]} 19. Be3 {[%emt 0:01:00]} a5 {[%emt 0:00:44]} 20. Bd4 {[%emt 0:04:32]} Bf8 {[%emt 0:02:51]} 21. Nd5 {[%emt 0:07:13]} c5 {[%emt 0:07:04]} 22. Nxb6 {[%emt 0:05:59]} Rxb6 {[%emt 0:00:06]} 23. Bb2 {[%emt 0:01:10]} b4 {[%emt 0:01:08]} 24. axb4 {[%emt 0:01:18]} axb4 {[%emt 0:00:07]} 25. Ng3 {[%emt 0:02:23]} h4 {[%emt 0:07:59]} 26. Nh1 {[%emt 0:00:09]} d5 {[%emt 0:00:20]} 27. e5 {[%emt 0:04:04]} d4 {[%emt 0:01:13]} 28. Nf2 {[%emt 0:02:14]} Bb5 {[%emt 0:06:20]} 29. Nd3 {[%emt 0:11:18]} Qf5 {[%emt 0:10:56]} 30. Ra5 {[%emt 0:03:44]} Bc6 {[%emt 0:01:44]} 31. Qg4 {[%emt 0:06:18]} Be4 {[%emt 0:05:28]} 32. Qxf5 {[%emt 0:07:18]} gxf5 {[%emt 0:02:37]} 33. Nxc5 {[%emt 0:02:37]} Bxg2 {[%emt 0:02:35]} 34. Kxg2 {[%emt 0:00:04]} Rc6 {[%emt 0:00:05]} 35. Nd3 {[%emt 0:03:21]} Rxc2+ {[%emt 0:00:14]} 36. Rf2 {[%emt 0:00:04]} Rxf2+ {[%emt 0:03:49]} 37. Kxf2 {[%emt 0:00:05]} Rc8 {[%emt 0:02:31]} 38. Bxd4 {[%emt 0:01:39]} Rc2+ {[%emt 0:00:21]} 39. Ke1 {[%emt 0:02:10]} Rg2 {[%emt 0:00:45]} 40. Ra7 {[%emt 0:01:36]} Rg3 {[%emt 0:03:27]} 41. Ke2 {[%emt 0:00:04]} Bg7 {[%emt 0:00:04]} 42. Nxb4 {[%emt 0:01:22]} Rxb3 {[%emt 0:01:33]} 43. Nd5 {[%emt 0:00:18]} Nf8 {[%emt 0:01:35]} 44. Ne7+ {[%emt 0:00:11]} Kh7 {[%emt 0:00:07]} 45. Nxf5 {[%emt 0:00:15]} Ne6 {[%emt 0:00:04]} 46. Be3 {[%emt 0:00:18]} Bf8 {[%emt 0:00:20]} 47. Rxf7+ {[%emt 0:00:09]} Kg8 {[%emt 0:00:10]} 48. Rf6 {[%emt 0:00:13]} Nc7 {[%emt 0:01:07]} 49. Rg6+ {[%emt 0:01:49]} Kh7 {[%emt 0:00:10]} 50. Rc6 {[%emt 0:00:20]} Nd5 {[%emt 0:00:18]} 51. g6+ {[%emt 0:00:07]} Kg8 {[%emt 0:00:05]} 52. Rc8 {[%emt 0:00:46]} Nxe3 {[%emt 0:01:32]} 53. g7 {[%emt 0:00:28]} 1-0

[Event "Paracin Open 2020"]
[Site "Paracin"]
[Date "2020.07.06"]
[Round "4.5"]
[White "Stankovic, Milos"]
[Black "Pasti, Aron"]
[Result "1-0"]
[WhiteElo "2454"]
[BlackElo "2325"]
[Annotator "TA"]
[PlyCount "73"]
[EventDate "2020.07.03"]
[EventType "swiss"]
[EventCountry "SRB"]
[SourceTitle "playchess.com"]
[Source "ChessBase"]
[SourceQuality "1"]

{[%evp 9,73,6,37,-7,17,-18,37,34,37,31,41,8,3,-8,35,41,28,18,23,4,28,19,16,16,23,8,26,24,27,7,6,12,20,4,14,17,22,0,0,0,15,9,71,67,75,65,81,81,70,77,127,127,135,126,192,186,270,270,573,390,29993,29994,29994,29995,29995,29996]} 1. d4 d5 2. Nf3 Nf6 3. Bf4 c5 4. e3 Nc6 5. Nbd2 Nh5 6. Be5 {D02: 1 d4 d5 2 Nf3 sidelines, including 2...Nf6 3 g3 and 2...Nf6 3 Bf4.} f6 7. Bg3 Bg4 {[#]} (7... cxd4 $11 8. exd4 g6) 8. Be2 $146 {White is slightly better.} ({Predecessor:} 8. c3 Qd7 9. Qa4 cxd4 10. exd4 Qe6+ 11. Be2 g5 12. Kf1 Nf4 13. Bb5 Kf7 14. h4 {1-0 (26) Rosen,E (2342)-Cameron,A (2102) Adelaide 2018}) 8... Nxg3 9. hxg3 cxd4 10. exd4 Qd7 11. Nf1 e6 12. Ne3 Bxf3 13. Bxf3 g6 14. c3 Bd6 15. Qe2 O-O 16. O-O Rae8 17. Rad1 Ne7 18. c4 dxc4 19. Qxc4 b5 20. Qb3 a5 21. Rfe1 a4 22. Qd3 Kg7 23. Rc1 Rc8 24. Be2 b4 25. Qa6 Bb8 (25... Ra8 $11 {remains equal.} 26. Qd3 Rab8) 26. Rxc8 Rxc8 27. Bb5 $36 {[%mdl 2048] White has good play.} Qxd4 28. Qxe6 Qd6 29. Qe4 Qe5 30. Qxb4 {And now Nf5+! would win.} Bd6 {[#]} 31. Qd2 $1 Qc5 (31... Qxb5 $16 32. Qxd6 Ng8) 32. Bxa4 $18 Bb8 (32... Rd8 {is a better defense.} 33. a3 Qc7) 33. Ng4 {[%cal Be3g4,Bg4f6,Bf6e8][%mdl 32] Qh6+ is the strong threat.} Nd5 $2 (33... Qd6 34. Qh6+ Kh8) 34. Bb3 Nb6 $2 {[#]} (34... f5 $18 35. Bxd5 fxg4) 35. Qh6+ {White mates.} Kh8 36. Nxf6 {[%csl Gf6][%cal Rh6h7]} Qc7 37. Ne8 {Accuracy: White = 83%, Black = 56%.} 1-0

[Event "Paracin Open 2020"]
[Site "Paracin"]
[Date "2020.07.06"]
[Round "4.6"]
[White "Kosic, Dragan"]
[Black "Sredojevic, Ivan"]
[Result "1/2-1/2"]
[WhiteElo "2429"]
[BlackElo "2239"]
[Annotator "ChessBase"]
[PlyCount "36"]
[EventDate "2020.07.03"]
[EventType "swiss"]
[EventCountry "SRB"]
[SourceTitle "playchess.com"]
[Source "ChessBase"]
[SourceQuality "1"]
[TimeControl "5400+30"]

1. d4 Nf6 2. Nf3 e6 3. c4 d5 4. Nc3 c6 5. e3 Nbd7 6. Qc2 Bd6 7. Bd3 O-O 8. O-O dxc4 9. Bxc4 e5 10. Bb3 Qe7 11. Bd2 e4 12. Ng5 Bxh2+ 13. Kxh2 Ng4+ 14. Kg1 Qxg5 15. Qxe4 Ndf6 16. Qf3 Qh4 17. Qh3 Qg5 18. Qg3 Nh5 1/2-1/2

[Event "Paracin Open 2020"]
[Site "Paracin"]
[Date "2020.07.06"]
[Round "4.7"]
[White "Sahin, Ozgun"]
[Black "Radovanovic, Nikola"]
[Result "1/2-1/2"]
[WhiteElo "2220"]
[BlackElo "2389"]
[Annotator "ChessBase"]
[PlyCount "32"]
[EventDate "2020.07.03"]
[EventType "swiss"]
[EventCountry "SRB"]
[SourceTitle "playchess.com"]
[Source "ChessBase"]
[SourceQuality "1"]
[TimeControl "5400+30"]

1. e4 {[%emt 0:00:00]} e5 {[%emt 0:00:00]} 2. Nf3 {[%emt 0:00:00]} Nc6 {[%emt 0:00:00]} 3. d4 {[%emt 0:00:00]} exd4 {[%emt 0:00:01]} 4. Nxd4 {[%emt 0:01:05]} Nf6 {[%emt 0:00:33]} 5. Nxc6 {[%emt 0:00:26]} bxc6 {[%emt 0:00:09]} 6. Bd3 {[%emt 0:00:14]} d5 {[%emt 0:04:14]} 7. exd5 {[%emt 0:00:17]} cxd5 {[%emt 0:00:05]} 8. O-O {[%emt 0:00:52]} Be7 {[%emt 0:00:39]} 9. c4 {[%emt 0:00:41]} O-O {[%emt 0:08:11]} 10. cxd5 {[%emt 0:01:30]} Bb7 {[%emt 0:06:31]} 11. Nc3 {[%emt 0:01:13]} Nxd5 {[%emt 0:01:06]} 12. Bd2 {[%emt 0:00:14]} Rb8 {[%emt 0:25:58]} 13. Re1 {[%emt 0:27:59]} Bf6 {[%emt 0:08:01]} 14. Be4 {[%emt 0:07:33]} Nxc3 {[%emt 0:10:02]} 15. Bxc3 {[%emt 0:00:45]} Bxc3 {[%emt 0:00:16]} 16. bxc3 {[%emt 0:01:00]} Bxe4 {[%emt 0:04:10]} 1/2-1/2

[Event "Paracin Open 2020"]
[Site "Paracin"]
[Date "2020.07.06"]
[Round "4.8"]
[White "Damjanovic, Vuk"]
[Black "Abramovic, Bosko"]
[Result "1/2-1/2"]
[WhiteElo "2208"]
[BlackElo "2351"]
[Annotator "RC"]
[PlyCount "21"]
[EventDate "2020.07.03"]
[EventType "swiss"]
[EventCountry "SRB"]
[SourceTitle "playchess.com"]
[Source "ChessBase"]
[SourceQuality "1"]
[TimeControl "5400+30"]

1. d4 {[%emt 0:00:00]} d5 {[%emt 0:00:00]} 2. Bf4 {[%emt 0:00:39]} e6 {[%emt 0:01:06]} 3. e3 {[%emt 0:00:12]} Bd6 {[%emt 0:00:08]} 4. Bg3 {[%emt 0:00:24]} Qe7 {[%emt 0:01:39]} 5. c4 {[%emt 0:03:03]} Nf6 {[%emt 0:01:21]} 6. Nc3 {[%emt 0:01:19]} O-O {[%emt 0:00:12]} 7. Qc2 {[%emt 0:02:47]} c5 {[%emt 0:02:16]} 8. dxc5 {[%emt 0:01:33]} Bxc5 {[%emt 0:00:24]} 9. Nf3 {[%emt 0:00:55]} Nc6 {[%emt 0:00:12]} 10. Be2 {[%emt 0:01:46]} a6 {[%emt 0:11:10]} 11. cxd5 {[%emt 0:02:03]} 1/2-1/2

[Event "Paracin Open 2020"]
[Site "Paracin"]
[Date "2020.07.06"]
[Round "4.9"]
[White "Radeva, Viktoria"]
[Black "Krasteva, Beloslava"]
[Result "1/2-1/2"]
[WhiteElo "2327"]
[BlackElo "2246"]
[Annotator "ChessBase"]
[PlyCount "120"]
[EventDate "2020.07.03"]
[EventType "swiss"]
[EventCountry "SRB"]
[SourceTitle "playchess.com"]
[Source "ChessBase"]
[SourceQuality "1"]
[TimeControl "5400+30"]

1. e4 {[%emt 0:00:00]} c5 {[%emt 0:00:00]} 2. Nf3 {[%emt 0:00:00]} d6 {[%emt 0:00:01]} 3. d4 {[%emt 0:00:00]} cxd4 {[%emt 0:00:18]} 4. Nxd4 {[%emt 0:00:00]} Nf6 {[%emt 0:00:21]} 5. Nc3 {[%emt 0:00:00]} a6 {[%emt 0:00:16]} 6. Be2 {[%emt 0:00:31]} e6 {[%emt 0:00:43]} 7. O-O {[%emt 0:00:37]} Be7 {[%emt 0:00:26]} 8. f4 {[%emt 0:00:26]} O-O {[%emt 0:00:29]} 9. Qe1 {[%emt 0:00:54]} b5 {[%emt 0:01:34]} 10. a3 {[%emt 0:03:34]} Bb7 {[%emt 0:02:42]} 11. Bf3 {[%emt 0:01:25]} Qc7 {[%emt 0:01:01]} 12. Qg3 {[%emt 0:01:38]} Nc6 {[%emt 0:02:05]} 13. Be3 {[%emt 0:00:35]} Nxd4 {[%emt 0:01:09]} 14. Bxd4 {[%emt 0:00:06]} Bc6 {[%emt 0:01:00]} 15. Kh1 {[%emt 0:03:21]} Qb7 {[%emt 0:00:54]} 16. Rae1 {[%emt 0:00:30]} Rfd8 {[%emt 0:02:01]} 17. e5 {[%emt 0:04:23]} Ne8 {[%emt 0:05:33]} 18. Bxc6 {[%emt 0:12:41]} Qxc6 {[%emt 0:00:08]} 19. f5 {[%emt 0:00:03]} dxe5 {[%emt 0:04:40]} 20. Qxe5 {[%emt 0:04:03]} Bf6 {[%emt 0:02:36]} 21. fxe6 {[%emt 0:01:25]} fxe6 {[%emt 0:01:36]} 22. Bc5 {[%emt 0:00:43]} h6 {[%emt 0:03:54]} 23. Qxe6+ {[%emt 0:07:35]} Qxe6 {[%emt 0:00:09]} 24. Rxe6 {[%emt 0:00:04]} Bxc3 {[%emt 0:06:21]} 25. bxc3 {[%emt 0:02:14]} Nc7 {[%emt 0:01:34]} 26. Re5 {[%emt 0:07:02]} Rd5 {[%emt 0:03:05]} 27. Rxd5 {[%emt 0:03:39]} Nxd5 {[%emt 0:00:26]} 28. Bd4 {[%emt 0:00:11]} Rc8 {[%emt 0:01:24]} 29. Rf3 {[%emt 0:01:25]} Rc4 {[%emt 0:06:52]} 30. Rg3 {[%emt 0:01:19]} g5 {[%emt 0:04:15]} 31. h4 {[%emt 0:01:43]} Nf4 {[%emt 0:00:28]} 32. hxg5 {[%emt 0:00:26]} Ne2 {[%emt 0:00:10]} 33. Re3 {[%emt 0:04:46]} Nxd4 {[%emt 0:00:07]} 34. cxd4 {[%emt 0:00:04]} hxg5 {[%emt 0:00:32]} 35. Rg3 {[%emt 0:09:10]} Rxc2 {[%emt 0:07:11]} 36. Rxg5+ {[%emt 0:00:16]} Kf7 {[%emt 0:00:09]} 37. Rf5+ {[%emt 0:05:52]} Ke6 {[%emt 0:04:03]} 38. Rh5 {[%emt 0:01:00]} Ra2 {[%emt 0:03:58]} 39. Rh6+ {[%emt 0:00:29]} Kd5 {[%emt 0:00:08]} 40. Rxa6 {[%emt 0:00:05]} Kxd4 {[%emt 0:00:07]} 41. Ra8 {[%emt 0:01:32]} Kc4 {[%emt 0:02:39]} 42. Kh2 {[%emt 0:03:54]} Kb3 {[%emt 0:01:35]} 43. Ra5 {[%emt 0:00:17]} Kc4 {[%emt 0:01:04]} 44. Kh3 {[%emt 0:00:36]} Kc5 {[%emt 0:00:15]} 45. g4 {[%emt 0:00:39]} Kb6 {[%emt 0:00:20]} 46. Ra8 {[%emt 0:00:07]} Kb7 {[%emt 0:00:06]} 47. Ra5 {[%emt 0:00:07]} Kb6 {[%emt 0:00:07]} 48. Ra8 {[%emt 0:00:13]} Kb7 {[%emt 0:00:14]} 49. Rf8 {[%emt 0:04:46]} Rxa3+ {[%emt 0:00:36]} 50. Kh4 {[%emt 0:00:04]} b4 {[%emt 0:02:01]} 51. g5 {[%emt 0:00:27]} b3 {[%emt 0:00:21]} 52. Rf4 {[%emt 0:02:06]} Kc6 {[%emt 0:00:21]} 53. Rb4 {[%emt 0:00:14]} Kc5 {[%emt 0:00:13]} 54. Rb8 {[%emt 0:00:08]} Kc4 {[%emt 0:00:18]} 55. g6 {[%emt 0:00:08]} Ra7 {[%emt 0:00:39]} 56. Kh5 {[%emt 0:00:14]} Kc3 {[%emt 0:00:19]} 57. Kh6 {[%emt 0:00:07]} b2 {[%emt 0:00:20]} 58. g7 {[%emt 0:00:10]} Rxg7 {[%emt 0:00:08]} 59. Kxg7 {[%emt 0:00:04]} Kc2 {[%emt 0:00:07]} 60. Rxb2+ {[%emt 0:00:07]} Kxb2 {[%emt 0:00:04]} 1/2-1/2

[Event "Paracin Open 2020"]
[Site "Paracin"]
[Date "2020.07.06"]
[Round "4.10"]
[White "Pastar, Slaven"]
[Black "Pantic, Ivica"]
[Result "1-0"]
[WhiteElo "2323"]
[BlackElo "2131"]
[Annotator "RC"]
[PlyCount "25"]
[EventDate "2020.07.03"]
[EventType "swiss"]
[EventCountry "SRB"]
[SourceTitle "playchess.com"]
[Source "ChessBase"]
[SourceQuality "1"]
[TimeControl "5400+30"]

1. d4 {[%emt 0:00:00]} Nf6 {[%emt 0:05:05]} 2. Nf3 {[%emt 0:00:48]} e6 {[%emt 0:02:25]} 3. Bf4 {[%emt 0:00:18]} Be7 {[%emt 0:00:09]} 4. h3 {[%emt 0:00:28]} O-O {[%emt 0:00:06]} 5. e3 {[%emt 0:00:05]} b6 {[%emt 0:00:30]} 6. Bd3 {[%emt 0:00:30]} Bb7 {[%emt 0:00:30]} 7. Nbd2 {[%emt 0:00:30]} c5 {[%emt 0:00:30]} 8. O-O {[%emt 0:00:30]} d6 {[%emt 0:00:00]} 9. c3 {[%emt 0:01:26]} Nbd7 {[%emt 0:01:31]} 10. Re1 {[%emt 0:01:44]} Qc7 {[%emt 0:01:02]} 11. Bh2 {[%emt 0:00:56]} Rfd8 {[%emt 0:02:01]} 12. Qe2 {[%emt 0:00:27]} a6 {[%emt 0:02:33]} 13. a4 {[%emt 0:03:40]} 1-0